000 00288nam a2200097Ia 4500
082 _a363.2 SMAR
245 0 _aSmart policing for law-enforcement officials
100 _a Smit, J. ** Claremont [Cape Town], 2R4 ** *
_9108543
942 _cBK
008 210825s9999 xx 000 0 und d
999 _c496617
_d496616